Understanding voltammetry

Enregistré dans:
Détails bibliographiques
Auteurs principaux: Compton, R.G, Banks, C.E (Auteur)
Format: Livre
Langue:anglais
Publié: L‪ondýn Imperial College Press 2011
Édition:2. vyd.
Collection:Obsahuje index
Sujets:
Accès en ligne:Voir à l'OPAC
Tags: Ajouter un tag
Pas de tags, Soyez le premier à ajouter un tag!

MARC

LEADER 00000nam a2200000 a 4500
005 20260127134124.0
008 161103 2011 a 000 0 eng d
020 |a 9781848165854 
035 |a vtls011590329 
039 9 |a 201612071254  |b mschk03  |y 201611030915  |z mschk03 
040 |a STUSCHK1  |b slo  |c STUSCHK1  |e AACR2 
080 |a 541/.37  |2 22 
100 1 |a Compton, R.G. 
245 1 |a Understanding voltammetry  |c Richard G. Compton, Craig E. Banks 
250 |a 2. vyd. 
260 |a L‪ondýn  |b Imperial College Press  |c 2011 
300 |a xiii, 429 s.  |b il.  |c 23 cm 
490 0 |a Obsahuje index 
650 0 |a Voltammetry 
700 |a Banks, C.E.  |4 aut 
910 |a SCHK95 
919 |a 978-1-84816-585-4 
999 |c 4581  |d 4581